[Event "Krakow op-C"]
[Site "Krakow"]
[Date "2005.12.27"]
[Round "1"]
[White "Dawidczyk, Anna"]
[Black "Pietrucha, Jaroslaw"]
[Result "0-1"]
[WhiteElo "1600"]
[BlackElo "1600"]
[PlyCount "67"]
[EventDate "2005.12.27"]
[EventType "swiss"]
[EventRounds "9"]
[EventCountry "POL"]
[SourceTitle "CBM 110 Extra"]
[Source "ChessBase"]
[SourceDate "2006.03.10"]
[SourceVersion "2"]
[SourceVersionDate "2006.03.10"]
[SourceQuality "1"]

1. e4 e5 2. Nf3 d6 3. d4 exd4 4. Nxd4 Nf6 5. Nc3 c6 6. Bf4 g6 7. Bd3 Bg7 8. 0-0 0-0 9. Re1 Re8 10. Nf3 Bg4 11. e5 dxe5 12. Bxe5 Nbd7 13. Bf4 Qb6 14. Na4 Qb4 15. Bg3 Qxa4 16. b3 Qb4 17. Bc4 b5 18. Bd6 Rxe1+ 19. Nxe1 Bxd1 20. Bxb4 Bxc2 21. Nxc2 bxc4 22. bxc4 Nb6 23. Ne3 Ng4 24. Rc1 Nxe3 25. fxe3 Re8 26. Kf2 Re4 27. Rd1 Re8 28. Rc1 Bh6 29. Rc3 Rd8 30. a3 Na4 31. Rb3 Rb8 32. Rd3 Bf8 33. Bxf8 Kxf8 34. Rd6 0-1

[Event "Polanica Zdroj op-C 41st "]
[Site "Polanica Zdroj"]
[Date "2005.08.27"]
[Round "9"]
[White "Duch, Robert"]
[Black "Dawidczyk, Anna"]
[Result "1/2-1/2"]
[WhiteElo "1935"]
[BlackElo "1600"]
[PlyCount "62"]
[EventDate "2005.08.19"]
[EventType "swiss"]
[EventRounds "9"]
[EventCountry "POL"]
[SourceTitle "EXT 2007"]
[Source "ChessBase"]
[SourceDate "2006.11.23"]
[SourceVersion "1"]
[SourceVersionDate "2006.11.23"]
[SourceQuality "1"]

1. d4 Nf6 2. c4 d5 3. Nc3 Nc6 4. e3 Bf5 5. Nf3 e6 6. Be2 Bb4 7. a3 Bd6 8. cxd5 exd5 9. 0-0 Rb8 10. Nh4 Be6 11. f4 0-0 12. Nf3 Ne4 13. Ne5 Nxc3 14. bxc3 Nxe5 15. dxe5 Bc5 16. f5 Bd7 17. Qxd5 Bb6 18. e6 Bc6 19. exf7+ Rxf7 20. Qxd8+ Rxd8 21. Bc4 Bd5 22. Be2 Re8 23. Bh5 g6 24. fxg6 hxg6 25. Rxf7 Kxf7 26. Bg4 Be6 27. Bxe6+ Rxe6 28. Bd2 Bxe3+ 29. Bxe3 Rxe3 30. Rc1 b5 31. Kf2 Re4 1/2-1/2

[Event "Polanica Zdroj op-C 41st "]
[Site "Polanica Zdroj"]
[Date "2005.08.23"]
[Round "5"]
[White "Dawidczyk, Anna"]
[Black "Mikolajczyk, Andrzej"]
[Result "1/2-1/2"]
[WhiteElo "1600"]
[BlackElo "1825"]
[PlyCount "64"]
[EventDate "2005.08.19"]
[EventType "swiss"]
[EventRounds "9"]
[EventCountry "POL"]
[SourceTitle "EXT 2007"]
[Source "ChessBase"]
[SourceDate "2006.11.23"]
[SourceVersion "1"]
[SourceVersionDate "2006.11.23"]
[SourceQuality "1"]

1. e4 c5 2. Nf3 d6 3. d4 cxd4 4. Nxd4 Nf6 5. Nc3 a6 6. Bg5 e6 7. Bd3 Be7 8. 0-0 Nc6 9. Nf3 0-0 10. Re1 Qc7 11. Qe2 b5 12. e5 dxe5 13. Nxe5 Nxe5 14. Qxe5 Bd6 15. Qd4 Nd5 16. Nxd5 exd5 17. Qxd5 Bb7 18. Qf5 g6 19. Qf6 Rfe8 20. Rxe8+ Rxe8 21. Bh6 Bxh2+ 22. Kf1 Be5 23. Re1 Re6 24. Qg5 Qe7 25. Qxe7 Rxe7 26. f4 Bf6 27. Rxe7 Bxe7 28. g3 Bd5 29. b3 f6 30. c4 bxc4 31. Bxc4 Bxc4+ 32. bxc4 Kf7 1/2-1/2

[Event "Polanica Zdroj op-C 41st "]
[Site "Polanica Zdroj"]
[Date "2005.08.21"]
[Round "3"]
[White "Dawidczyk, Anna"]
[Black "Cieslar, Monika"]
[Result "0-1"]
[WhiteElo "1600"]
[BlackElo "1800"]
[PlyCount "118"]
[EventDate "2005.08.19"]
[EventType "swiss"]
[EventRounds "9"]
[EventCountry "POL"]
[SourceTitle "EXT 2007"]
[Source "ChessBase"]
[SourceDate "2006.11.23"]
[SourceVersion "1"]
[SourceVersionDate "2006.11.23"]
[SourceQuality "1"]

1. e4 d6 2. Nf3 Nf6 3. Nc3 e5 4. d4 Nbd7 5. Bc4 Be7 6. 0-0 0-0 7. Bg5 c6 8. a3 Qc7 9. d5 Nb6 10. Ba2 cxd5 11. Nxd5 Nfxd5 12. Bxd5 Nxd5 13. exd5 Bg4 14. Bxe7 Qxe7 15. Re1 Qf6 16. Re3 Rfe8 17. Qd3 Rac8 18. Rae1 Re7 19. Nd4 Rcc7 20. c3 Bd7 21. Rf3 Qg6 22. Qxg6 fxg6 23. Nc2 Bf5 24. Ne3 Rf7 25. Rc1 Rc5 26. c4 Bd3 27. Rxf7 Kxf7 28. b4 Rc8 29. f3 b6 30. a4 Ke7 31. g4 g5 32. Kf2 Kd7 33. Ke1 Rf8 34. Kd2 Bg6 35. Ke2 e4 36. Rf1 Kc7 37. Ng2 a5 38. bxa5 bxa5 39. f4 h6 40. Ke3 Kb6 41. Kd4 gxf4 42. Rxf4 Rxf4 43. Nxf4 Be8 44. Ne6 g5 45. c5+ dxc5+ 46. Nxc5 e3 47. Nd3 e2 48. d6 Bxa4 49. Ke3 Bb5 50. Ne1 a4 51. Kd2 a3 52. d7 Kc7 53. Nc2 a2 54. Ke1 Kxd7 55. Kf2 Kd6 56. h3 Ke5 57. Ke1 Ke4 58. Kf2 Bc4 59. Na1 Kd3 0-1

[Event "Krakow op-E"]
[Site "Krakow"]
[Date "2000.12.31"]
[Round "6"]
[White "Kus, Joanna"]
[Black "Dawidczyk, Anna"]
[Result "1-0"]
[WhiteElo "1600"]
[BlackElo "1400"]
[PlyCount "49"]
[EventDate "2000.12.??"]
[EventType "swiss"]
[EventRounds "9"]
[EventCountry "POL"]
[SourceTitle "EXT 2005"]
[Source "ChessBase"]
[SourceDate "2004.11.15"]
[SourceVersion "1"]
[SourceVersionDate "2004.11.15"]
[SourceQuality "1"]

1. e4 c6 2. Nc3 d5 3. Nf3 Bg4 4. h3 Bh5 5. d4 e6 6. e5 Bb4 7. Bd2 f6 8. Qe2 Nd7 9. Qe3 c5 10. Bb5 Rc8 11. exf6 Ngxf6 12. Ng5 0-0 13. Nxe6 Qb6 14. Bxd7 Nxd7 15. Nxd5 Bxd2+ 16. Kxd2 Qa5+ 17. c3 cxd4 18. Qxd4 Rf7 19. Rhe1 Nc5 20. Nxc5 Rxc5 21. Re8+ Rf8 22. Rxf8+ Kxf8 23. Qf4+ Bf7 24. Qd6+ Kg8 25. Qb8+ 1-0